PFPD: capacitación eficiente y eficaz en integración del niño con dificultades en el aula regular. Eventos científicos / Secretaría de Educación de Bogotá.

Este documento tiene como propósito dar a conocer los procesos, resultados y vivencias del programa de capacitación e integración realizado en 1997 y 1998 en PFPD (Programa de Formación Permanente de Docentes), para contribuir en el proceso de integración al aula regular de niños con limitaciones o...

Mô tả đầy đủ

Đã lưu trong:
Chi tiết về thư mục
Tác giả của công ty: Bogotá. Alcaldía Mayor. Secretaría de Educación
Định dạng: Sách
Ngôn ngữ:Spanish
Được phát hành: Bogotá: SED, 1997 - 1999.
Những chủ đề:
Truy cập trực tuyến:Enlace del recurso
Các nhãn: Thêm thẻ
Không có thẻ, Là người đầu tiên thẻ bản ghi này!

MARC

LEADER 00000cam a2200000 a 4500
001 000260
003 OSt
005 20251016062113.0
007 ta
008 080130m19971998ck fr o000 | spa
999 |c 2413  |d 2413 
040 |a CNA-IDEP  |b SPA  |e RCAA 
041 0 |a spa 
084 |a INV183 
110 1 |a Bogotá. Alcaldía Mayor.   |b Secretaría de Educación.  |9 18376 
245 1 0 |a PFPD: capacitación eficiente y eficaz en integración del niño con dificultades en el aula regular.   |b Eventos científicos / Secretaría de Educación de Bogotá.   |c Por la Secretaría de Educación de Bogotá. 
260 3 |a Bogotá:  |b SED,  |c 1997 - 1999. 
300 |a 209 páginas. 
505 2 |t I. Resumen ejecutivo.  |t II. Introducción.  |t III. Descripción del proceso.  |t IV. Instrumentos.  |t V. Resultados.  |t VI. Vivencias y experiencias del proceso de capacitación.  |t VII. Evaluación.  |t VIII. Análisis.  |t IX. Conclusiones y recomendaciones. 
520 3 |a Este documento tiene como propósito dar a conocer los procesos, resultados y vivencias del programa de capacitación e integración realizado en 1997 y 1998 en PFPD (Programa de Formación Permanente de Docentes), para contribuir en el proceso de integración al aula regular de niños con limitaciones o dificultades de aprendizaje. 
650 1 7 |a Enseñanza pública  |2 BNE  |9 9979 
650 1 7 |a Investigación educativa  |2 ELSST  |9 18378 
650 1 7 |a Profesores-Formación profesional  |2 BNE  |9 18379 
650 1 4 |a Investigaciones  |9 4956 
942 |2 LOC  |c MO  |h INV183  |i Ej. 1  |6 INV_183_000000000000000_EJ__1 
856 |u https://catalogo.idep.edu.co/cgi-bin/koha/opac-detail.pl?biblionumber=2413  |z Enlace del recurso